Red Hat Linux Internet server
Gespeichert in:
| 1. Verfasser: | |
|---|---|
| Format: | Buch |
| Sprache: | Undetermined |
| Veröffentlicht: |
Indianapoliss, IN
Wiley
2003
|
| Schlagworte: | |
| Tags: |
Tag hinzufügen
Keine Tags, Fügen Sie den ersten Tag hinzu!
|
| Thư viện lưu trữ: | Trung tâm Học liệu Trường Đại học Cần Thơ |
|---|
| LEADER | 00545nam a2200169Ia 4500 | ||
|---|---|---|---|
| 001 | CTU_56295 | ||
| 008 | 210402s9999 xx 000 0 und d | ||
| 082 | |a 005.7585 | ||
| 082 | |b S491 | ||
| 100 | |a Paul G. Sery | ||
| 245 | 0 | |a Red Hat Linux Internet server | |
| 245 | 0 | |c Paul G. Sery ang Jay Beale | |
| 260 | |a Indianapoliss, IN | ||
| 260 | |b Wiley | ||
| 260 | |c 2003 | ||
| 650 | |a internet ( computer network ),system administration,linux ( computer programs ),client/server computing | ||
| 980 | |a Trung tâm Học liệu Trường Đại học Cần Thơ | ||